|
|
|
|
| LEADER |
01071nam a2200313 a 4500 |
| 001 |
000002219 |
| 003 |
02733 |
| 005 |
20171229145311.0 |
| 008 |
171229s1997 vie |
| 040 |
|
|
|a LSK
|
| 041 |
0 |
|
|a VIE
|
| 082 |
0 |
|
|a 005.7565
|b PH-Â
|
| 100 |
1 |
|
|a Phạm Văn Ất
|
| 245 |
0 |
0 |
|a Hướng dẫn sử dụng Microsoft Access (Có minh họa trên nhiều bài toán thực tế)
|
| 260 |
|
|
|b Khoa học Kỹ Thuật
|c 1997
|
| 300 |
|
|
|a 417 pages
|c 24 cm.
|
| 653 |
|
|
|a Microsoft Access (Phần mềm máy tính)
|
| 852 |
|
|
|a Phòng Đọc - Phòng Mượn
|
| 901 |
|
|
|a 8
|
| 927 |
|
|
|a Sách tham khảo
|
| OWN |
|
|
|a LSK
|
| AVA |
|
|
|a UDN50
|b LSK
|d 005.7565 PH-Â
|e available
|t Error 5001 Not defined in file expand_doc_bib_avail.
|f 8
|g 0
|h N
|i 0
|k 1
|
| 999 |
|
|
|a From the UDN01
|
| AVA |
|
|
|a UDN50
|b LSK
|d 005.7565 PH-Â
|e available
|t Error 5001 Not defined in file expand_doc_bib_avail.
|f 8
|g 0
|h N
|i 0
|k 1
|
| TYP |
|
|
|a Monograph
|
| TYP |
|
|
|a Printed language
|
| 980 |
|
|
|a Mạng thư viện Đại học Đà Nẵng
|